| 000 | 00316 a2200133 4500 | ||
|---|---|---|---|
| 999 |
_c325016 _d325016 |
||
| 001 | 89943 | ||
| 003 | NUST | ||
| 005 | 20180124142540.0 | ||
| 008 | 180124b xxu||||| |||| 00| 0 eng d | ||
| 082 | _a891.4391 WAS | ||
| 100 |
_aWasi Shah _99705 |
||
| 245 |
_aMera Wazaifa Tum Ho _hUrdu |
||
| 260 |
_aLahore _bJasim Publications _c2013 |
||
| 300 | _a160p. | ||
| 500 | _aGeneral Books | ||
| 942 |
_aCAE NUST _cBK _k891.4391 WAS _2ddc |
||